000 00448nam a22001817a 4500
003 MPLRDC
005 20220104113545.0
008 210129b ||||| |||| 00| 0 eng d
082 _a857.62 TLXS v.22
100 _a林崇汉
245 _a收藏家的情人
_c
250 _a初版
260 _a
_b林白出版社有限公司
_c1986
300 _b
490 _a推理小说系列. 22
650 _a推理小说
942 _cBK
_o857.62 TLXS v.22
999 _c577
_d567